Liberal democracy and its critics in Africa: political dysfunction and the struggle for social progress (Record no. 80700)

MARC details
000 -LEADER
fixed length control field 01179nam a2200217 a 4500
008 - FIXED-LENGTH DATA ELEMENTS--GENERAL INFORMATION
fixed length control field 061019s2005 ||||||||||||||||| || u
020 ## - INTERNATIONAL STANDARD BOOK NUMBER
International Standard Book Number 1842776193
050 ## - LIBRARY OF CONGRESS CALL NUMBER
Classification number CODESRIA(02)2005/4A
100 ## - MAIN ENTRY--PERSONAL NAME
Personal name Lumumba-Kasongo, Tukumbi
245 10 - TITLE STATEMENT
Title Liberal democracy and its critics in Africa: political dysfunction and the struggle for social progress
Statement of responsibility, etc. edited by Tukumbi Lumumba-Kasongo
246 ## -
-- political dysfunction and the struggle for social progress
260 ## - PUBLICATION, DISTRIBUTION, ETC.
Place of publication, distribution, etc. Dakar, Senegal:
Name of publisher, distributor, etc. Council for the Development of Social Science Research in Africa (CODESRIA)
Date of publication, distribution, etc. 2005
300 ## - PHYSICAL DESCRIPTION
Extent xvii, 213p.: ill.
350 ## -
-- 0.00
490 ## -
-- AFRICA IN THE NEW MILLENNIUM
650 ## - SUBJECT ADDED ENTRY--TOPICAL TERM
Topical term or geographic name entry element POLITICS AND GOVERNANCE--AFRICA
650 ## - SUBJECT ADDED ENTRY--TOPICAL TERM
Topical term or geographic name entry element DEMOCRACY--AFRICA
710 ## - ADDED ENTRY--CORPORATE NAME
Corporate name or jurisdiction name as entry element Council for the Development of Social Science Research in Africa (CODESRIA)
995 ## -
-- SPECIAL COLLECTIONS
-- 0.00
-- 03001239
-- CBU-MAIN LIBRARY (Kitwe)
-- 1
-- 0.00
-- CODESRIA(02)2005/4A
-- 1
-- AVAILABLE
-- Oct 19, 2006
-- 03001239
-- International Publications
995 ## -
-- SPECIAL COLLECTIONS
-- 0.00
-- 03001240
-- CBU-MAIN LIBRARY (Kitwe)
-- 1
-- 0.00
-- CODESRIA(02)2005/4B
-- 2
-- AVAILABLE
-- Oct 19, 2006
-- 03001240
-- International Publications
999 ## -
-- 80700
-- 80700

No items available.